000 00618cam a2200217 i 4500
999 _c119255
_d119255
001 18407936
005 20201017102603.0
008 141216s2015 enka b 001 0 eng
020 _a9780199589920
020 _a0199589925
040 _cPK-LaUMT
082 0 0 _a610.15195
_223
_bBLA-I
100 1 _aBland, Martin
245 1 3 _aAn introduction to medical statistics /
_cby Martin Bland
250 _a4th ed.
260 _aOxford :
_bOxford University Press,
_c2015
300 _axviii, 427 p. :
_billustrations ;
_c25 cm
490 0 _aOxford medical publications
650 0 _aMedical statistics.
942 _cBK